00610nam a22001937a 450000500170000001000150001702000270003203500140005903700090007308200100008224501390009226000300023127000540026130000210031549000100033670000230034670000230036970000240039220240910104845.0 aENG-141705 a9789386552242c1995.00 aEN-125237 bDBAD a523.1 aThe ways that big history works:bCosmos, Life , Society nd our Future/cEdited by barry rodrigue , Leonid Grinin and Andrey Korotayev bPrimus BooksaDelhic2017 bDelhie110009aMukherjee Nagar Commercial Complex a523p.c24cm(hbk) vVol 3 aEd.Barry Rodrigue  aEd. Leonid Grinin aEd.Andrey Korotayev